000 02140cam a22004214i 4500
003 PE-LiUPU
005 20250731183450.0
008 20080101s2008 us a rb 000 0 eng d
020 _a9781616776572
020 _a9781616776589
035 _aPE-LiUPU2025018
040 _aPE-LiUPU
_bspa
_cPE-LiUPU
_erda
082 0 4 _a786.2193
_bF115p
_223
100 1 _aFaber, Nancy,
_eautora.
_95703
245 1 0 _aPiano Adventures :
_bEl método básico para piano
_nN2 /
_cNancy Faber, Randall Faber.
250 _aPrimera edición.
264 1 _aAnn Arbor, MI :
_bFaber Piano Adventures,
_c2008.
300 _a2 volúmenes :
_bilustraciones ;
_c30 cm
336 _atext
_2rdacontent
337 _aunmediated
_2rdamedia
338 _avolume
_2rdacarrier
490 0 _aEl método básico para piano
504 _aIncluye pistas de audio disponibles en línea y CD según edición.
505 0 _tLECCIONES Y TEORÍA. LIBRO UNO DE DOS :
_aLegato y staccato -- FA-LA-DO-MI en la clave SOL -- DO-RE-MI-FA-SOL Altos -- Intervalos de segunda, tercera, cuarta y quinta -- Silencios de blanca y redonda -- Sostenidos y bemoles -- Tónica y dominante -- El acorde de DO (I) -- El acorde de V7 -- Escalas de SO de 5 dedos.
505 0 _tTÉCNICA E INTERPRETACIÓN. LIBRO DOS DE DOS :
_aSecretos técnicos -- Legato y staccato -- FA-LA-DO-MI en la clave SOL -- DO-RE-MI-FA-SOL Altos -- Intervalos de segunda, tercera, cuarta y quinta -- Silencios de blanca y redonda -- Sostenidos y bemoles -- Tónica y dominante -- El acorde de DO (I) -- El acorde de V7 -- Escalas de SO de 5 dedos.
526 _aP158
526 _aP146
526 _aP17
526 _aP12
526 _aP06
650 1 4 _aPiano
_xMétodos (Nivel elemental).
_95707
650 2 4 _aPiano
_xEstudio y Enseñanza (Primaria).
_95708
700 _aFaber, Randall,
_eautor.
_95706
856 4 0 _uhttps://www.halleonard.com/product/420261/my-first-piano-adventure
_zSitio web del editor.
942 _2ddc
_cBK
980 _618226
_aJaime Vilcazán Jefe de Análisis Documental
_81
_gALBERTO SANCHEZ Responsable de Automatización
999 _c62998
_d62997